000 00161nam a2200073Ia 4500
008 170620s9999 xx 000 0 und d
100 _aSiddiqui
245 0 _aRESEARCH METHODOLOGY
260 _bAPH
999 _c26253
_d26253